000 01171pam a2200289 a 4500
001 3016589
005 20070125171807.0
008 941031s1995 nyua |rb 000 0 eng d
010 _a 94041807
020 _a0471596906
040 _aDLC
_cDLC
_dDLC
050 0 0 _aHF5667
_b.K39 1996
082 0 0 _a657.45
_222
_bBOY
100 1 _aBoynton, William C.
_910711
245 1 0 _aStudent Study Guide to Accompany Modern Auditing /
_cWilliam C. Boynton, Walter G. Kell; Prepared by Strephen W. Wheeler
250 _a6th ed.
260 _aNew York :
_bJ. Wiley & Sons, 1995
_cc1995
300 _a351p. ;
_c27 cm.
650 0 _aAuditing.
_910712
700 1 _aKell, Walter Gerry,
_d1921-
_910713
700 1 _aKell, Walter Gerry,
_d1921-
_910714
856 4 _3Table of Contents
_uhttp://www.loc.gov/catdir/toc/onix06/94041807.html
856 4 2 _3Publisher description
_uhttp://www.loc.gov/catdir/enhancements/fy0706/94041807-d.html
942 _2ddc
_cBB
999 _c13220
_d13220